000
00306nam a2200121 a 4500
005
20140414132107.0
008
100906s19uu xx 00 eng d
020
_a
1-57755-687-9
050
_a
M 153.7
_b
H83 2004
245
_a
How big are they?.
260
_a
Canada :
_b
Flying Frog,
_c
2004.
999
_c
114639
_d
114639